000
00317nam a2200133Ia 4500
005
20251222144636.0
008
251222s9999||||xx |||||||||||||| ||spa||
020
_a
84-493-1675-8
082
_a
370.152/G25
100
_a
Gardner, Howard
245
0
_a
Las Cinco Mentes del Futuro:
264
_b
Paidós
942
_c
LIB
999
_c
16483
_d
16483